<?xml version="1.0" encoding="UTF-8"?><?xml-stylesheet type="text/xsl" href="static/style.xsl"?><OAI-PMH xmlns="http://www.openarchives.org/OAI/2.0/" xmlns:xsi="http://www.w3.org/2001/XMLSchema-instance" xsi:schemaLocation="http://www.openarchives.org/OAI/2.0/ http://www.openarchives.org/OAI/2.0/OAI-PMH.xsd"><responseDate>2026-04-14T02:55:46Z</responseDate><request verb="GetRecord" identifier="oai:www.recercat.cat:2117/375053" metadataPrefix="marc">https://recercat.cat/oai/request</request><GetRecord><record><header><identifier>oai:recercat.cat:2117/375053</identifier><datestamp>2025-07-23T04:11:57Z</datestamp><setSpec>com_2072_1033</setSpec><setSpec>col_2072_452951</setSpec></header><metadata><record xmlns="http://www.loc.gov/MARC21/slim" xmlns:dcterms="http://purl.org/dc/terms/" xmlns:xsi="http://www.w3.org/2001/XMLSchema-instance" xmlns:doc="http://www.lyncode.com/xoai" xsi:schemaLocation="http://www.loc.gov/MARC21/slim http://www.loc.gov/standards/marcxml/schema/MARC21slim.xsd">
   <leader>00925njm 22002777a 4500</leader>
   <datafield ind2=" " ind1=" " tag="042">
      <subfield code="a">dc</subfield>
   </datafield>
   <datafield ind2=" " ind1=" " tag="720">
      <subfield code="a">Cuñé Ferré, Martí</subfield>
      <subfield code="e">author</subfield>
   </datafield>
   <datafield ind2=" " ind1=" " tag="260">
      <subfield code="c">2022-09-15</subfield>
   </datafield>
   <datafield ind2=" " ind1=" " tag="520">
      <subfield code="a">Argentina és un país que ha sofert molts canvis sociopolítics durant l’últim segle. L’habitatge és un tema que no n’ha quedat exempt, i és inevitable parlar-ne sense fer referència al monoblock, el principal actor d’aquesta trama. Des de la seva aparició a mitjans dels anys 40 del segle passat durant el primer període peronista, aquest element prismàtic concebut com a caixa d’habitatges ha patit alguns canvis i ha conviscut amb altres actors, però la seva essència ha perdurat fins a l’actualitat. El treball d’investigació s’interessa per la seva implantació i per com ha lidiat amb l’aparició d’altres tipologies d’habitatges per sobreviure després de tants anys i veure com s’ha adaptat a les noves necessitats que demana l’habitatge en l’actualitat.</subfield>
   </datafield>
   <datafield ind2=" " ind1=" " tag="520">
      <subfield code="a">Argentina es un país que ha sufrido muchos cambios sociopolíticos en el último siglo. La vivienda es un tema que no ha quedado exento, y es inevitable hablar de ello sin hacer referencia al monoblock, el principal actor de esta trama. Desde su aparición a mediados de los años 40 del siglo pasado durante el primer período peronista, este elemento prismático concebido como caja de viviendas ha sufrido algunos cambios y ha convivido con otros actores, pero su esencia ha perdurado hasta el actualidad. El trabajo de investigación se interesa por su implantación y por cómo ha lidiado con la aparición de otras tipologías de viviendas para sobrevivir después de tantos años y ver cómo se ha adaptado a las nuevas necesidades que pide la vivienda en la actualidad.</subfield>
   </datafield>
   <datafield ind2=" " ind1=" " tag="520">
      <subfield code="a">Argentina is a country that has undergone many socio-political changes during the last century. Housing is a topic that has not been exempted, and it is inevitable to talk about it without making reference to the monoblock, the main actor in this plot. Since its appearance in the mid-1940s during the first Peronist period, this prismatic element conceived as a housing box has undergone some changes and coexisted with other actors, but its essence has lasted until actuality The research work is interested in its implementation and how it has dealt with the appearance of other types of housing in order to survive after so many years and see how it has adapted to the new needs that housing demands currently.</subfield>
   </datafield>
   <datafield tag="653" ind2=" " ind1=" ">
      <subfield code="a">Àrees temàtiques de la UPC::Arquitectura::Tipologies d'edificis::Habitatges</subfield>
   </datafield>
   <datafield tag="653" ind2=" " ind1=" ">
      <subfield code="a">Housing -- Argentina</subfield>
   </datafield>
   <datafield tag="653" ind2=" " ind1=" ">
      <subfield code="a">Public housing -- Argentina</subfield>
   </datafield>
   <datafield tag="653" ind2=" " ind1=" ">
      <subfield code="a">Architecture -- Social aspects -- Argentina</subfield>
   </datafield>
   <datafield tag="653" ind2=" " ind1=" ">
      <subfield code="a">Argentina</subfield>
   </datafield>
   <datafield tag="653" ind2=" " ind1=" ">
      <subfield code="a">habitatge</subfield>
   </datafield>
   <datafield tag="653" ind2=" " ind1=" ">
      <subfield code="a">habitatge social</subfield>
   </datafield>
   <datafield tag="653" ind2=" " ind1=" ">
      <subfield code="a">monoblock</subfield>
   </datafield>
   <datafield tag="653" ind2=" " ind1=" ">
      <subfield code="a">Habitatge -- Argentina</subfield>
   </datafield>
   <datafield tag="653" ind2=" " ind1=" ">
      <subfield code="a">Habitatge públic -- Argentina</subfield>
   </datafield>
   <datafield tag="653" ind2=" " ind1=" ">
      <subfield code="a">Arquitectura -- Aspectes socials -- Argentina</subfield>
   </datafield>
   <datafield ind2="0" ind1="0" tag="245">
      <subfield code="a">Monoblock: implantació, adaptació i evolució de l'habitatge a Argentina des del 1940</subfield>
   </datafield>
</record></metadata></record></GetRecord></OAI-PMH>